Kettridge's technical dictionary = Dictionaire technique par kettridge
Spremljeno u:
| Glavni autor: | |
|---|---|
| Format: | Knjiga |
| Jezik: | Undetermined |
| Izdano: |
London
George Reoutledge & Sons
|
| Teme: | |
| Oznake: |
Dodaj oznaku
Bez oznaka, Budi prvi tko označuje ovaj zapis!
|
| Thư viện lưu trữ: | Trung tâm Học liệu Trường Đại học Cần Thơ |
|---|
| LEADER | 00530nam a2200181Ia 4500 | ||
|---|---|---|---|
| 001 | CTU_104566 | ||
| 008 | 210402s9999 xx 000 0 und d | ||
| 082 | |a 603 | ||
| 082 | |b K43/Vol.1 | ||
| 100 | |a Kettridge, J. O. | ||
| 245 | 0 | |a Kettridge's technical dictionary = | |
| 245 | 0 | |b Dictionaire technique par kettridge | |
| 245 | 0 | |c J. O. Kettridge | |
| 260 | |a London | ||
| 260 | |b George Reoutledge & Sons | ||
| 650 | |a Technology,Kĩ thuật | ||
| 904 | |i Hiếu | ||
| 980 | |a Trung tâm Học liệu Trường Đại học Cần Thơ | ||